000 01546cam a22002054a 4500
005 20250605164115.0
008 250528s ||||||||||||||||||||||||d
035 _a18070
020 _a6811237
040 _aGR-AtMCL
_bgre
_dGR-AtMCL
_eAACR2
245 1 _aOffice Planning and Design
260 _bMcgraw Hill Book Company,
_c1968
300 _a196
505 0 _aIntroduction, Yesterday, Understanding, The Operational Aim, The Aesthetic Goals, The Financial Limitations, Analyzing, The Amount of Space Required, The Direction: Rent and Build or Remodel, A Program for a New Building, Exploring, Space Use, The Budget, Design, Preparing, A Design Preparation, Working Drawings, A Purchasing Program, Coordinating, The Bidding, The Building, The Moving, Planning for Design, The Practice, Of Office Practice, Organizing the Company, Personnel, Procedures, Philosophy, Tomorrow, Illustrations, Index.
520 _aIntroduction, Yesterday, Understanding, The Operational Aim, The Aesthetic Goals, The Financial Limitations, Analyzing, The Amount of Space Required, The Direction: Rent and Build or Remodel, A Program for a New Building, Exploring, Space Use, The Budget, Design, Preparing, A Design Preparation, Working Drawings, A Purchasing Program, Coordinating, The Bidding, The Building, The Moving, Planning for Design, The Practice, Of Office Practice, Organizing the Company, Personnel, Procedures, Philosophy, Tomorrow, Illustrations, Index.
700 1 _aSaphier Michael
_94353
942 _cBK
999 _c3457
_d3457